000 00915nam a22002657a 4500
001 BR7001022
003 BR-BrBNA
005 20230928083631.0
007 ta
008 230509b bl.||||| |||| 00| 0 por d
040 _aBR-BrBNA
_bpor
_cBiblioteca Nacional de Agricultura
041 _a(Por)
072 _aF00
_b/G514
090 _ F00 BR7001022
100 1 _aSchaefer, G.P.
110 1 _aDiretoria Estadual do Ministerio da Agricultura em Santa Catarina, Florianopolis (Brasil)
_93430
245 1 _aRelatorio; Exercicio de 1970 [Diretoria Estadual do Ministerio da Agricultura em Santa Catarina, Brasil]
260 3 _aFlorianopolis, SC (Brasil):
_c1970.
300 _a27 p.
500 _a(*) Documento disponível no(a) Empresa Catarinense de Pesquisa Agropecuaria, Florianopolis, SC (Brazil)
650 _aSEMENTE
650 _aSANTA CATARINA
909 _a202309
_bLucia
_c55
_dLucia Elande
942 _cBK
999 _c14565
_d14565